[Event "DSOL 03 Liga Gr-A 1st"]
[Site "Playchess.com INT"]
[Date "2020.07.23"]
[Round "5.2"]
[White "Roeder, Phillipp"]
[Black "Hilker, Bjoern"]
[Result "1-0"]
[WhiteElo "1991"]
[BlackElo "1968"]
[PlyCount "103"]
[EventDate "2020.06.22"]
[EventType "team-tourn (rapid)"]
[EventCountry "GER"]
[SourceTitle "EXT 2021"]
[Source "ChessBase"]
[SourceDate "2020.10.23"]
[SourceVersion "1"]
[SourceVersionDate "2020.10.23"]
[SourceQuality "1"]
[WhiteTeam "Wismar ASV Gruen-Weiss"]
[BlackTeam "Barsinghausen"]
[WhiteTeamCountry "GER"]
[BlackTeamCountry "GER"]

1. Nc3 c5 2. Nf3 d5 3. e4 d4 4. Ne2 Nc6 5. Ng3 Bg4 6. h3 Bxf3 7. Qxf3 Nf6 8. Bb5 Rc8 9. 0-0 e6 10. c4 Be7 11. e5 Nd7 12. Qg4 Ndxe5 13. Qxg7 Ng6 14. Nh5 Kd7 15. d3 Qf8 16. Nf6+ Bxf6 17. Qxf6 h6 18. Qf3 Rg8 19. Qh5 Qg7 20. Qxh6 Nh4 21. Qxg7 Rxg7 22. g3 Nf3+ 23. Kg2 Nh4+ 24. Kh1 Nf3 25. g4 Rh8 26. Kg2 Nh4+ 27. Kg3 Nf5+ 28. Kf4 Nd6 29. Bxc6+ bxc6 30. Rh1 f6 31. Kf3 f5 32. g5 e5 33. Kg2 f4 34. h4 Nf5 35. Kf3 Nxh4+ 36. Kg4 Ng6 37. Bd2 Rhg8 38. Rh5 Nf8 39. Kf5 Ne6 40. Rg1 Kd6 41. g6 Rf8+ 42. Ke4 Rf6 43. Rxe5 Rgxg6 44. Rxg6 Rxg6 45. Bxf4 Rf6 46. Rf5+ Ke7 47. Rxf6 Kxf6 48. Be5+ Kg6 49. Bb8 a6 50. Ke5 Kf7 51. f4 Ke7 52. Ba7 1-0

[Event "GER-ch NSV Online 1st"]
[Site "Playchess.com INT"]
[Date "2020.04.26"]
[Round "4"]
[White "Lebenstedt, Wolfgang"]
[Black "Hilker, Bjoern"]
[Result "1-0"]
[WhiteElo "1620"]
[BlackElo "1997"]
[PlyCount "61"]
[EventDate "2020.04.26"]
[EventType "swiss (blitz)"]
[EventRounds "13"]
[EventCountry "GER"]
[SourceTitle "CBM 196 Extra"]
[Source "ChessBase"]
[SourceDate "2020.07.31"]
[SourceVersion "1"]
[SourceVersionDate "2020.07.31"]
[SourceQuality "1"]

1. d4 d5 2. c4 e6 3. Nc3 c5 4. cxd5 exd5 5. Nf3 Nc6 6. e3 Nf6 7. Bb5 Be7 8. dxc5 Bxc5 9. Ne5 Bd7 10. Nxd7 Qxd7 11. 0-0 0-0 12. a3 a6 13. Ba4 b5 14. Bb3 Rad8 15. Qd3 d4 16. exd4 Nxd4 17. Bc2 Rfe8 18. Bg5 Nxc2 19. Qxc2 Qc6 20. Qf5 Bd4 21. Rac1 h6 22. Ne2 Bxf2+ 23. Qxf2 Qe6 24. Bxf6 gxf6 25. Ng3 Kh7 26. Qxf6 Qe3+ 27. Qf2 Qxf2+ 28. Rxf2 Kg6 29. Rcf1 Rd7 30. Rf6+ Kg7 31. Nh5+ 1-0

[Event "GER-ch NSV Online 1st"]
[Site "Playchess.com INT"]
[Date "2020.04.26"]
[Round "1"]
[White "Serreck, Uwe"]
[Black "Hilker, Bjoern"]
[Result "1/2-1/2"]
[WhiteElo "1834"]
[BlackElo "1997"]
[PlyCount "38"]
[EventDate "2020.04.26"]
[EventType "swiss (blitz)"]
[EventRounds "13"]
[EventCountry "GER"]
[SourceTitle "CBM 196 Extra"]
[Source "ChessBase"]
[SourceDate "2020.07.31"]
[SourceVersion "1"]
[SourceVersionDate "2020.07.31"]
[SourceQuality "1"]

1. e4 c5 2. b3 d6 3. Bb2 Nc6 4. Bb5 Bd7 5. f4 e6 6. Nf3 Nf6 7. d3 Be7 8. 0-0 0-0 9. Nbd2 a6 10. Bxc6 Bxc6 11. Qe1 b5 12. e5 Nd5 13. exd6 Qxd6 14. Ne5 Bf6 15. Ne4 Qc7 16. Nxf6+ Nxf6 17. Qe2 Bb7 18. Qf2 Rac8 19. Qg3 Qe7 1/2-1/2

[Event "Niedersachsen-ch op A"]
[Site "Verden"]
[Date "2019.01.06"]
[Round "7"]
[White "Hilker, Bjoern"]
[Black "Lebiedz, Oliver"]
[Result "1/2-1/2"]
[WhiteElo "1955"]
[BlackElo "1895"]
[PlyCount "71"]
[EventDate "2019.01.03"]
[EventType "swiss"]
[EventRounds "7"]
[EventCountry "GER"]
[SourceTitle "EXT 2022"]
[Source "ChessBase"]
[SourceDate "2021.10.06"]
[SourceVersion "1"]
[SourceVersionDate "2021.10.06"]
[SourceQuality "1"]

1. e4 e5 2. Nf3 Nc6 3. Bc4 Bc5 4. b4 Bxb4 5. c3 Bc5 6. d4 exd4 7. 0-0 d3 8. Ng5 Nh6 9. Nxf7 Nxf7 10. Bxf7+ Kxf7 11. Qh5+ g6 12. Qxc5 d6 13. Qc4+ Be6 14. Qxd3 Qh4 15. f4 Ke7 16. Nd2 Qh5 17. Rb1 Qc5+ 18. Kh1 Na5 19. Rb5 Bc4 20. Rxc5 Bxd3 21. Rxa5 Bxf1 22. Nxf1 Rhf8 23. Ne3 Kd7 24. g3 b6 25. Rd5 Rae8 26. e5 Kc6 27. Ba3 Rf7 28. Kg2 Rd7 29. Kf3 dxe5 30. Rxe5 Red8 31. Be7 Re8 32. Bg5 Rf8 33. c4 Rd2 34. a3 Rxh2 35. Nd5 a5 36. Re6+ 1/2-1/2

[Event "Niedersachsen-ch op A"]
[Site "Verden"]
[Date "2019.01.03"]
[Round "1"]
[White "Hilker, Bjoern"]
[Black "Schiller, Jan Hendrik"]
[Result "1-0"]
[WhiteElo "1955"]
[BlackElo "1822"]
[PlyCount "63"]
[EventDate "2019.01.03"]
[EventType "swiss"]
[EventRounds "7"]
[EventCountry "GER"]
[SourceTitle "EXT 2022"]
[Source "ChessBase"]
[SourceDate "2021.10.06"]
[SourceVersion "1"]
[SourceVersionDate "2021.10.06"]
[SourceQuality "1"]

1. e4 c5 2. Nf3 d6 3. d4 cxd4 4. Nxd4 Nf6 5. Nc3 a6 6. Bg5 e6 7. f4 Be7 8. Qf3 Qc7 9. 0-0-0 b5 10. a3 Bb7 11. g4 h6 12. Bxf6 gxf6 13. h4 Nd7 14. Bg2 Rc8 15. g5 h5 16. g6 Nc5 17. g7 Rg8 18. Qxh5 e5 19. Bh3 exd4 20. Qh8 Rxh8 21. gxh8Q+ Bf8 22. Rxd4 Na4 23. Rxa4 bxa4 24. Bxc8 Qxc8 25. Qxf6 Qg4 26. Nd5 Qf3 27. Rd1 Qxe4 28. Nc7+ Kd7 29. Qxf7+ Be7 30. Ne8 Qe3+ 31. Kb1 d5 32. Nf6+ 1-0

[Event "Niedersachsen-ch op A"]
[Site "Verden"]
[Date "2018.01.07"]
[Round "7"]
[White "Hilker, Bjoern"]
[Black "Nielsen, Lars"]
[Result "1/2-1/2"]
[WhiteElo "1961"]
[BlackElo "2068"]
[PlyCount "51"]
[EventDate "2018.01.04"]
[EventType "swiss"]
[EventRounds "7"]
[EventCountry "GER"]
[SourceTitle "EXT 2022"]
[Source "ChessBase"]
[SourceDate "2021.10.06"]
[SourceVersion "1"]
[SourceVersionDate "2021.10.06"]
[SourceQuality "1"]

1. e4 Nf6 2. e5 Nd5 3. c4 Nb6 4. c5 Nd5 5. Nc3 Nxc3 6. dxc3 d5 7. Bd3 Nc6 8. Bf4 g5 9. Bg3 Bg7 10. Qe2 d4 11. c4 h5 12. h3 Nb4 13. a3 Nxd3+ 14. Qxd3 b6 15. c6 f5 16. exf6 Bxf6 17. Nf3 Rh6 18. 0-0-0 Kf8 19. Rhe1 Qe8 20. Nxd4 Bxd4 21. Qxd4 Qxc6 22. Rxe7 Kxe7 23. Qg7+ Ke8 24. Qg8+ Ke7 25. Qg7+ Ke8 26. Qg8+ 1/2-1/2

[Event "Niedersachsen-ch op A"]
[Site "Verden"]
[Date "2018.01.06"]
[Round "6"]
[White "Bleecke, Sebastian"]
[Black "Hilker, Bjoern"]
[Result "1/2-1/2"]
[WhiteElo "2112"]
[BlackElo "1961"]
[PlyCount "52"]
[EventDate "2018.01.04"]
[EventType "swiss"]
[EventRounds "7"]
[EventCountry "GER"]
[SourceTitle "EXT 2022"]
[Source "ChessBase"]
[SourceDate "2021.10.06"]
[SourceVersion "1"]
[SourceVersionDate "2021.10.06"]
[SourceQuality "1"]

1. d4 d5 2. c4 e6 3. Nc3 c5 4. cxd5 exd5 5. Nf3 Nc6 6. g3 Nf6 7. Bg2 Be7 8. 0-0 0-0 9. b3 Bg4 10. dxc5 Bxc5 11. Na4 Be7 12. Bb2 b5 13. Rc1 Rc8 14. Nc5 Ne4 15. Nd3 Bf6 16. Rxc6 Rxc6 17. Nfe5 Bd7 18. Nxc6 Bxc6 19. Qa1 d4 20. Nb4 Ba8 21. Rd1 Qe7 22. Nc2 Nc3 23. Bxc3 dxc3 24. Bxa8 Rxa8 25. e3 Rd8 26. Qc1 h6 1/2-1/2

[Event "Niedersachsen-ch op-B"]
[Site "Verden"]
[Date "2017.01.05"]
[Round "2"]
[White "Hilker, Bjoern"]
[Black "Issing, Peter"]
[Result "0-1"]
[WhiteElo "2018"]
[BlackElo "2171"]
[PlyCount "94"]
[EventDate "2017.01.05"]
[EventType "swiss"]
[EventRounds "7"]
[EventCountry "GER"]
[SourceTitle "CBM 187 Extra"]
[Source "ChessBase"]
[SourceDate "2018.11.04"]
[SourceVersion "1"]
[SourceVersionDate "2018.11.04"]
[SourceQuality "1"]

1. e4 c5 2. Nf3 e6 3. d4 cxd4 4. Nxd4 Nc6 5. Nc3 Qc7 6. Be3 Nf6 7. Be2 a6 8. f4 Bb4 9. Bf3 Na5 10. Qd3 d5 11. exd5 exd5 12. 0-0 Bxc3 13. bxc3 0-0 14. f5 h6 15. Bf2 Re8 16. Rae1 Bd7 17. Bh4 Rac8 18. Bxf6 gxf6 19. Rxe8+ Bxe8 20. Re1 Bc6 21. Bh5 Nc4 22. Qf3 Ne5 23. Qg3+ Kh7 24. Qh4 Qd6 25. Bxf7 Nxf7 26. Re6 Qa3 27. Qxf6 Qc1+ 28. Kf2 Qd2+ 29. Ne2 Rc7 30. h4 Bb5 31. Qg6+ Kh8 32. f6 Nd6 33. Re3 Ne4+ 34. Kf3 Bxe2+ 35. Kf4 Bd1 36. Qxh6+ Kg8 37. Qg6+ Kf8 38. Qh6+ Kg8 39. Qg6+ Kf8 40. Qh6+ Ke8 41. Ke5 Rf7 42. Qh8+ Rf8 43. f7+ Kxf7 44. Qh7+ Ke8 45. Qg6+ Kd8 46. Rxe4 Re8+ 47. Kf5 dxe4 0-1

[Event "Hannover-chA"]
[Site "Lehrte"]
[Date "2016.10.03"]
[Round "5"]
[White "Hilker, Bjoern"]
[Black "Ehlert, Horst"]
[Result "1-0"]
[WhiteElo "2018"]
[BlackElo "1949"]
[PlyCount "49"]
[EventDate "2016.10.01"]
[EventType "swiss"]
[EventRounds "7"]
[EventCountry "GER"]
[SourceTitle "EXT 2020"]
[Source "ChessBase"]
[SourceDate "2019.10.17"]
[SourceVersion "1"]
[SourceVersionDate "2019.10.17"]
[SourceQuality "1"]

1. e4 c5 2. Nf3 e6 3. Nc3 a6 4. d4 cxd4 5. Nxd4 Qc7 6. Be3 b5 7. Be2 Bb7 8. Bf3 d6 9. h4 Nd7 10. a3 Ngf6 11. Nde2 Ne5 12. Qd4 Rc8 13. Bg5 Be7 14. h5 h6 15. Bh4 0-0 16. Rh3 Rfd8 17. g4 Nxf3+ 18. Rxf3 e5 19. Qd3 Nxe4 20. Bxe7 Nxc3 21. Bxd8 Qxd8 22. Nxc3 Bxf3 23. Qxf3 Qg5 24. Qf5 Qh4 25. Qxc8+ 1-0

[Event "Hannover Ihme Cup"]
[Site "Hannover"]
[Date "2014.05.11"]
[Round "4"]
[White "Herrmann, Andreas"]
[Black "Hilker, Bjoern"]
[Result "0-1"]
[WhiteElo "2138"]
[BlackElo "1990"]
[PlyCount "100"]
[EventDate "2014.05.09"]
[EventType "swiss"]
[EventRounds "5"]
[EventCountry "GER"]
[SourceTitle "EXT 2021"]
[Source "ChessBase"]
[SourceDate "2020.10.23"]
[SourceVersion "1"]
[SourceVersionDate "2020.10.23"]
[SourceQuality "1"]

1. d4 d5 2. Nf3 c5 3. c3 cxd4 4. Qxd4 Nc6 5. Qa4 Bd7 6. Qb3 Nf6 7. Bf4 Na5 8. Qc2 Nc4 9. Nbd2 Nxd2 10. Nxd2 g6 11. e3 Bg7 12. Be2 0-0 13. 0-0 Nh5 14. Bxh5 gxh5 15. h3 e5 16. Bh2 Bc6 17. Qf5 d4 18. cxd4 exd4 19. exd4 Qxd4 20. Nf3 Qd5 21. Qxd5 Bxd5 22. Rfd1 Be4 23. Re1 Bxb2 24. Rad1 Rfe8 25. Re3 Bc6 26. Ne5 Rad8 27. Rde1 Bd5 28. Bf4 f6 29. Nd3 Rxe3 30. Rxe3 Bd4 31. Re7 Bxa2 32. Bh6 Bc4 33. Nf4 b5 34. Nxh5 Bf7 35. Ng3 b4 36. Rb7 b3 37. Nf5 Be5 38. f4 Rb8 39. Rxb3 Bxb3 40. fxe5 fxe5 41. Ne7+ Kf7 42. Nc6 Re8 43. Nxa7 Ba4 44. Kf2 Kg6 45. Be3 Kf5 46. Kf3 e4+ 47. Kf2 Ke5 48. Bb6 Kd5 49. g4 Kc4 50. g5 Kd3 0-1

[Event "Hannover Ihme Cup"]
[Site "Hannover"]
[Date "2014.05.10"]
[Round "3"]
[White "Hilker, Bjoern"]
[Black "Gross, Daniel1111"]
[Result "1-0"]
[WhiteElo "1990"]
[BlackElo "1524"]
[PlyCount "75"]
[EventDate "2014.05.09"]
[EventType "swiss"]
[EventRounds "5"]
[EventCountry "GER"]
[SourceTitle "EXT 2021"]
[Source "ChessBase"]
[SourceDate "2020.10.23"]
[SourceVersion "1"]
[SourceVersionDate "2020.10.23"]
[SourceQuality "1"]

1. d4 d5 2. c4 e6 3. Nc3 f5 4. g4 fxg4 5. h3 g3 6. fxg3 Bd6 7. Kf2 c6 8. e4 Ne7 9. e5 0-0+ 10. Nf3 Bb4 11. Bg5 Qe8 12. Bxe7 Qxe7 13. Kg2 Bd7 14. Bd3 Be8 15. Qc2 h6 16. Raf1 Nd7 17. Ne2 g5 18. h4 g4 19. Nh2 h5 20. Nf4 Rf7 21. Bg6 Rg7 22. Bxh5 Bxh5 23. Nxh5 Rh7 24. Nf6+ Nxf6 25. exf6 Qf7 26. Nxg4 Bd6 27. Ne5 Bxe5 28. dxe5 Rd8 29. g4 dxc4 30. Rd1 Rd5 31. Qxc4 Qc7 32. Rxd5 exd5 33. Qf4 c5 34. g5 d4 35. g6 Rh5 36. f7+ Kf8 37. g7+ Kxg7 38. Qg4+ 1-0

[Event "Hannover Ihme Cup"]
[Site "Hannover"]
[Date "2014.05.10"]
[Round "2"]
[White "Schulz, Jens"]
[Black "Hilker, Bjoern"]
[Result "1-0"]
[WhiteElo "2218"]
[BlackElo "1990"]
[PlyCount "67"]
[EventDate "2014.05.09"]
[EventType "swiss"]
[EventRounds "5"]
[EventCountry "GER"]
[SourceTitle "EXT 2021"]
[Source "ChessBase"]
[SourceDate "2020.10.23"]
[SourceVersion "1"]
[SourceVersionDate "2020.10.23"]
[SourceQuality "1"]

1. e4 c5 2. Nc3 Nc6 3. Bb5 Nd4 4. Bc4 d6 5. Nge2 Nf6 6. d3 e5 7. Nxd4 cxd4 8. Ne2 Be7 9. 0-0 0-0 10. c3 dxc3 11. Nxc3 a6 12. a4 h6 13. d4 exd4 14. Qxd4 Be6 15. Bf4 Nh5 16. Be3 Bf6 17. Qd3 Rc8 18. Nd5 Bxb2 19. Rab1 b5 20. axb5 axb5 21. Bxb5 Bxd5 22. exd5 Bc3 23. Ba6 Ra8 24. Rfc1 Be5 25. Bb7 Ra4 26. g3 Rh4 27. Rc8 Qf6 28. Rxf8+ Kxf8 29. Qh7 Nxg3 30. Ba6 g5 31. Rb8+ Ke7 32. Qg8 Ne2+ 33. Kf1 Ng3+ 34. hxg3 1-0

[Event "Hannover-chC"]
[Site "Lehrte"]
[Date "2013.10.18"]
[Round "4"]
[White "Hilker, Bjoern"]
[Black "Celik, Abdullah1111"]
[Result "1-0"]
[WhiteElo "1901"]
[BlackElo "1959"]
[PlyCount "77"]
[EventDate "2013.10.17"]
[EventType "swiss"]
[EventRounds "7"]
[EventCountry "GER"]
[SourceTitle "EXT 2021"]
[Source "ChessBase"]
[SourceDate "2020.10.23"]
[SourceVersion "1"]
[SourceVersionDate "2020.10.23"]
[SourceQuality "1"]

1. e4 c5 2. d4 cxd4 3. c3 Nf6 4. e5 Nd5 5. cxd4 Nc6 6. Nf3 d6 7. Bc4 e6 8. 0-0 Be7 9. Bxd5 exd5 10. exd6 Qxd6 11. Nc3 Bg4 12. Qb3 Bxf3 13. Nb5 Qd7 14. Qxf3 a6 15. Nc3 Rd8 16. Be3 0-0 17. Rac1 Bf6 18. Rfd1 Rfe8 19. Ne2 Re4 20. h3 Qe6 21. b3 Qe7 22. Nc3 Nxd4 23. Bxd4 Rxd4 24. Rxd4 Bxd4 25. Nxd5 Qg5 26. Ne3 Re8 27. Rc7 Qg6 28. Rxb7 h6 29. Nf5 Be5 30. g3 Qf6 31. Qg4 Kh7 32. Ne3 Kg8 33. Qd7 Qe6 34. Nc4 Bc3 35. Qxe6 Rxe6 36. Rb6 Rxb6 37. Nxb6 Kf8 38. Kf1 Ke7 39. Nd5+ 1-0

[Event "Hannover-chC"]
[Site "Lehrte"]
[Date "2012.10.22"]
[Round "5"]
[White "Nuelle, Christoph"]
[Black "Hilker, Bjoern"]
[Result "1/2-1/2"]
[WhiteElo "1856"]
[BlackElo "1911"]
[PlyCount "47"]
[EventDate "2012.10.21"]
[EventType "swiss"]
[EventRounds "7"]
[EventCountry "GER"]
[SourceTitle "EXT 2021"]
[Source "ChessBase"]
[SourceDate "2020.10.23"]
[SourceVersion "1"]
[SourceVersionDate "2020.10.23"]
[SourceQuality "1"]

1. d4 d5 2. Nf3 e6 3. c4 c5 4. Nc3 Nc6 5. cxd5 exd5 6. Bf4 Nf6 7. e3 Bg4 8. Be2 cxd4 9. Nxd4 Bxe2 10. Qxe2 Bb4 11. 0-0 0-0 12. Qb5 Nxd4 13. exd4 Bxc3 14. bxc3 b6 15. Bg5 Qd7 16. Rab1 Qxb5 17. Rxb5 Ne4 18. Rxd5 Nxc3 19. Rd7 Nxa2 20. Ra1 Nc3 21. Raxa7 Rxa7 22. Rxa7 Ne2+ 23. Kf1 Nxd4 24. Be3 1/2-1/2

[Event "Niedersachsen-ch op"]
[Site "Verden"]
[Date "2011.01.03"]
[Round "4"]
[White "Hilker, Bjoern"]
[Black "Stein, Rolf"]
[Result "1-0"]
[WhiteElo "2015"]
[BlackElo "1908"]
[PlyCount "43"]
[EventDate "2011.01.02"]
[EventType "swiss"]
[EventRounds "7"]
[EventCountry "GER"]
[SourceTitle "EXT 2018"]
[Source "ChessBase"]
[SourceDate "2017.10.13"]
[SourceVersion "1"]
[SourceVersionDate "2017.10.13"]
[SourceQuality "1"]

1. d4 Nf6 2. Nc3 d5 3. Bg5 e6 4. e4 Be7 5. e5 Nfd7 6. Bxe7 Qxe7 7. f4 c6 8. Nf3 Nb6 9. Bd3 Qb4 10. Qd2 Qxb2 11. 0-0 Qb4 12. Rab1 Qe7 13. a4 N6d7 14. f5 a6 15. fxe6 Qxe6 16. Ng5 Qh6 17. Rxf7 Rf8 18. Qf4 Qh5 19. Rxf8+ Nxf8 20. Rf1 Ne6 21. Nxe6 Bxe6 22. Qf8+ 1-0

[Event "Hannover-chC"]
[Site "Lehrte"]
[Date "2010.10.10"]
[Round "3"]
[White "Hilker, Bjoern"]
[Black "Wittur, Helge"]
[Result "1/2-1/2"]
[WhiteElo "1867"]
[BlackElo "1894"]
[PlyCount "50"]
[EventDate "2010.10.09"]
[EventType "swiss"]
[EventRounds "7"]
[EventCountry "GER"]
[SourceTitle "EXT 2021"]
[Source "ChessBase"]
[SourceDate "2020.10.23"]
[SourceVersion "1"]
[SourceVersionDate "2020.10.23"]
[SourceQuality "1"]

1. d4 Nf6 2. c4 g6 3. Nc3 Bg7 4. e4 d6 5. f4 c5 6. d5 0-0 7. Nf3 e6 8. Bd3 exd5 9. cxd5 Re8 10. 0-0 c4 11. Bc2 Ng4 12. Qe1 Na6 13. h3 Nb4 14. Bb1 Nf6 15. Qd1 b5 16. Be3 Nd3 17. Bxd3 cxd3 18. Qxd3 b4 19. Ne2 Nxe4 20. Ned4 Nc5 21. Qd2 Bb7 22. Nc6 Bxc6 23. dxc6 Rc8 24. Nd4 Ne4 25. Qd3 Nc5 1/2-1/2

[Event "Hannover-chC"]
[Site "Lehrte"]
[Date "2010.10.09"]
[Round "2"]
[White "Edel, Thomas"]
[Black "Hilker, Bjoern"]
[Result "1/2-1/2"]
[WhiteElo "2025"]
[BlackElo "1867"]
[PlyCount "38"]
[EventDate "2010.10.09"]
[EventType "swiss"]
[EventRounds "7"]
[EventCountry "GER"]
[SourceTitle "EXT 2021"]
[Source "ChessBase"]
[SourceDate "2020.10.23"]
[SourceVersion "1"]
[SourceVersionDate "2020.10.23"]
[SourceQuality "1"]

1. d4 d5 2. Nf3 e6 3. e3 c5 4. b3 Nc6 5. Bb2 Nf6 6. Bd3 Bd6 7. a3 0-0 8. 0-0 Re8 9. Ne5 cxd4 10. exd4 Bxe5 11. dxe5 Nd7 12. Re1 Nc5 13. Bf1 Ne7 14. Nc3 Bd7 15. Nb5 Bxb5 16. Bxb5 Rf8 17. b4 a6 18. Bf1 Na4 19. Bd4 b5 1/2-1/2

[Event "Niedersachsen-ch op"]
[Site "Verden"]
[Date "2009.01.05"]
[Round "6"]
[White "Hartogh, Tim"]
[Black "Hilker, Bjoern"]
[Result "0-1"]
[WhiteElo "1871"]
[BlackElo "2009"]
[PlyCount "60"]
[EventDate "2009.01.03"]
[EventType "swiss"]
[EventRounds "7"]
[EventCountry "GER"]
[SourceTitle "EXT 2012"]
[Source "ChessBase"]
[SourceDate "2011.11.24"]
[SourceVersion "1"]
[SourceVersionDate "2011.11.24"]
[SourceQuality "1"]

1. d4 d5 2. c4 e6 3. Nc3 c5 4. cxd5 exd5 5. Nf3 Nc6 6. e3 Nf6 7. dxc5 Bxc5 8. Bb5 0-0 9. 0-0 Bg4 10. h3 Bh5 11. b3 Bb6 12. Be2 Re8 13. Bb2 a6 14. Nd4 Bg6 15. Nf3 Qd6 16. Bc4 Rad8 17. Be2 Bc7 18. Re1 Ne4 19. Nxe4 Bxe4 20. g3 Qh6 21. h4 Qg6 22. Kh2 Qg4 23. Ne5 Qf5 24. f3 Bxe5 25. Bxe5 Nxe5 26. fxe4 dxe4 27. Qc2 Qf2+ 28. Kh3 Nf3 29. Qc4 Qh2+ 30. Kg4 Ne5+ 0-1

[Event "Niedersachsen-ch op"]
[Site "Verden"]
[Date "2009.01.04"]
[Round "4"]
[White "Guede, Klaus"]
[Black "Hilker, Bjoern"]
[Result "0-1"]
[WhiteElo "1738"]
[BlackElo "2009"]
[PlyCount "82"]
[EventDate "2009.01.03"]
[EventType "swiss"]
[EventRounds "7"]
[EventCountry "GER"]
[SourceTitle "EXT 2012"]
[Source "ChessBase"]
[SourceDate "2011.11.24"]
[SourceVersion "1"]
[SourceVersionDate "2011.11.24"]
[SourceQuality "1"]

1. d4 d5 2. c4 e6 3. Nc3 c5 4. cxd5 exd5 5. Nf3 Nc6 6. g3 Nf6 7. Bg2 Be7 8. 0-0 Be6 9. Qa4 0-0 10. Bf4 a6 11. a3 b5 12. Qd1 c4 13. b4 cxb3 14. Qxb3 Na5 15. Qb1 Rc8 16. Rc1 Nc4 17. a4 b4 18. Nd1 Qb6 19. Nb2 b3 20. Be5 Ng4 21. Bf4 Nf6 22. Be5 Nxe5 23. dxe5 Ne4 24. a5 Qxf2+ 25. Kh1 Qa7 26. Nd3 Rb8 27. Rc6 Bd7 28. Rb6 Rxb6 29. axb6 Qxb6 30. Nfe1 Rc8 31. Qb2 a5 32. Bf3 a4 33. e6 Qxe6 34. Nf4 Qf6 35. Qxf6 Bxf6 36. Rb1 b2 37. Nxd5 Bf5 38. Rxb2 Bxb2 39. Ne7+ Kf8 40. Nxc8 a3 41. Nd3 a2 0-1

[Event "Niedersachsen-ch op"]
[Site "Verden"]
[Date "2009.01.03"]
[Round "1"]
[White "Hilker, Bjoern"]
[Black "Dorn, Carina"]
[Result "1-0"]
[WhiteElo "2009"]
[BlackElo "1778"]
[PlyCount "133"]
[EventDate "2009.01.03"]
[EventType "swiss"]
[EventRounds "7"]
[EventCountry "GER"]
[SourceTitle "EXT 2012"]
[Source "ChessBase"]
[SourceDate "2011.11.24"]
[SourceVersion "1"]
[SourceVersionDate "2011.11.24"]
[SourceQuality "1"]

1. d4 Nf6 2. Nc3 e6 3. e4 d5 4. Bg5 Be7 5. e5 Nfd7 6. Bxe7 Qxe7 7. f4 a6 8. Nf3 c5 9. Qd2 Nc6 10. 0-0-0 c4 11. f5 b5 12. fxe6 fxe6 13. Qg5 Nb6 14. Qxe7+ Nxe7 15. a3 Bd7 16. g4 a5 17. Bg2 b4 18. Ne2 bxa3 19. bxa3 Na4 20. Kd2 Rb8 21. Rb1 0-0 22. h4 Rfc8 23. Nc3 Nxc3 24. Kxc3 Nc6 25. Rxb8 Rxb8 26. Ra1 Na7 27. Kd2 h6 28. Ng1 Ba4 29. Ra2 Rb1 30. Ne2 Nb5 31. g5 c3+ 32. Nxc3 Nxc3 33. Kxc3 Rg1 34. Bxd5 exd5 35. gxh6 gxh6 36. Rb2 Rg3+ 37. Kd2 Rg4 38. Rb8+ Kg7 39. c3 Rxh4 40. Ra8 Rh2+ 41. Ke3 Bb3 42. Rxa5 Ra2 43. Ra7+ Kg6 44. Ra6+ Kg5 45. Ra8 Bc4 46. Rg8+ Kh4 47. Kf4 Rf2+ 48. Ke3 Rf1 49. a4 h5 50. a5 Kh3 51. Rg6 Ra1 52. Kf3 Rxa5 53. e6 Ra1 54. Kf4 Re1 55. Kg5 h4 56. Kf6 Kh2 57. e7 h3 58. Kf7 Bb5 59. Rb6 Bd7 60. Rd6 Rf1+ 61. Kg7 Ba4 62. Ra6 Rg1+ 63. Kf7 Rf1+ 64. Kg7 Re1 65. Kf7 Bd1 66. Kf8 Bh5 67. Rh6 1-0

[Event "Niedersachsen-ch"]
[Site "Verden"]
[Date "2008.01.05"]
[Round "6"]
[White "Hilker, Bjoern"]
[Black "Konow, Philipp"]
[Result "0-1"]
[WhiteElo "1944"]
[BlackElo "1821"]
[PlyCount "76"]
[EventDate "2008.01.03"]
[EventType "swiss"]
[EventRounds "7"]
[EventCountry "GER"]
[SourceTitle "EXT 2010"]
[Source "ChessBase"]
[SourceDate "2010.11.25"]
[SourceVersion "1"]
[SourceVersionDate "2010.11.25"]
[SourceQuality "1"]

1. d4 d5 2. c4 e6 3. Nc3 c6 4. Nf3 dxc4 5. e4 b5 6. Be2 Nf6 7. Bg5 Be7 8. Qc2 Bb7 9. Rd1 0-0 10. 0-0 a6 11. Rd2 Nbd7 12. Rfd1 Nb6 13. Ne5 Qc7 14. f4 h6 15. Bh4 Nxe4 16. Nxe4 Bxh4 17. Nc5 Bf6 18. Qe4 Nd5 19. Rc1 Rad8 20. Bd1 Bxe5 21. fxe5 f5 22. exf6 Rxf6 23. Bc2 Bc8 24. Qh7+ Kf8 25. Bg6 Ne7 26. Bh5 Qf4 27. Qc2 Rxd4 28. Ne4 Qe3+ 29. Kh1 Rxd2 30. Nxd2 Rf2 31. Rd1 Bd7 32. Nxc4 bxc4 33. Qa4 g6 34. Bf3 Nf5 35. Bxc6 Qe2 36. Qb4+ Ne7 37. Qb8+ Kf7 38. Rg1 Bxc6 0-1